{"text_format":"3","workbook":"xlsx","n_sheets":1,"sheets":["F.1.1 分部分项工程清单计价表(表-08)【安装工程】"],"not_rendered":{"defined_names":1},"read":"whole","date_system":"1900"}

{"sheet":"F.1.1 分部分项工程清单计价表(表-08)【安装工程】","index":0,"n_rows":74,"n_cols":18,"rows_kept":74,"merged":[[0,0,0,17],[1,0,1,1],[1,2,1,6],[1,7,1,9],[2,0,4,0],[2,1,4,2],[2,3,4,3],[2,4,4,4],[2,5,4,5],[2,6,4,7],[2,8,2,10],[2,11,2,17],[3,8,4,8],[3,9,4,10],[3,11,3,13],[3,14,4,14],[3,15,4,15],[3,16,4,16],[3,17,4,17],[5,1,5,2],[5,6,5,7],[5,9,5,10],[6,1,6,2],[6,6,6,7],[6,9,6,10],[7,1,7,2],[7,6,7,7],[7,9,7,10],[8,1,8,2],[8,6,8,7],[8,9,8,10],[9,1,9,2],[9,6,9,7],[9,9,9,10],[10,1,10,2],[10,6,10,7],[10,9,10,10],[11,1,11,2],[11,6,11,7],[11,9,11,10],[12,1,12,2],[12,6,12,7],[12,9,12,10],[13,1,13,2],[13,6,13,7],[13,9,13,10],[14,1,14,2],[14,6,14,7],[14,9,14,10],[15,1,15,2],[15,6,15,7],[15,9,15,10],[16,1,16,2],[16,6,16,7],[16,9,16,10],[17,1,17,2],[17,6,17,7],[17,9,17,10],[18,1,18,2],[18,6,18,7],[18,9,18,10],[19,1,19,2],[19,6,19,7],[19,9,19,10],[20,1,20,2],[20,6,20,7],[20,9,20,10],[21,1,21,2],[21,6,21,7],[21,9,21,10],[22,1,22,2],[22,6,22,7],[22,9,22,10],[23,1,23,2],[23,6,23,7],[23,9,23,10],[24,1,24,2],[24,6,24,7],[24,9,24,10],[25,1,25,2],[25,6,25,7],[25,9,25,10],[26,1,26,2],[26,6,26,7],[26,9,26,10],[27,1,27,2],[27,6,27,7],[27,9,27,10],[28,1,28,2],[28,6,28,7],[28,9,28,10],[29,1,29,2],[29,6,29,7],[29,9,29,10],[30,1,30,2],[30,6,30,7],[30,9,30,10],[31,1,31,2],[31,6,31,7],[31,9,31,10],[32,1,32,2],[32,6,32,7],[32,9,32,10],[33,1,33,2],[33,6,33,7],[33,9,33,10],[34,1,34,2],[34,6,34,7],[34,9,34,10],[35,1,35,2],[35,6,35,7],[35,9,35,10],[36,1,36,2],[36,6,36,7],[36,9,36,10],[37,1,37,2],[37,6,37,7],[37,9,37,10],[38,1,38,2],[38,6,38,7],[38,9,38,10],[39,1,39,2],[39,6,39,7],[39,9,39,10],[40,1,40,2],[40,6,40,7],[40,9,40,10],[41,1,41,2],[41,6,41,7],[41,9,41,10],[42,1,42,2],[42,6,42,7],[42,9,42,10],[43,1,43,2],[43,6,43,7],[43,9,43,10],[44,1,44,2],[44,6,44,7],[44,9,44,10],[45,1,45,2],[45,6,45,7],[45,9,45,10],[46,1,46,2],[46,6,46,7],[46,9,46,10],[47,1,47,2],[47,6,47,7],[47,9,47,10],[48,1,48,2],[48,6,48,7],[48,9,48,10],[49,1,49,2],[49,6,49,7],[49,9,49,10],[50,1,50,2],[50,6,50,7],[50,9,50,10],[51,1,51,2],[51,6,51,7],[51,9,51,10],[52,1,52,2],[52,6,52,7],[52,9,52,10],[53,1,53,2],[53,6,53,7],[53,9,53,10],[54,1,54,2],[54,6,54,7],[54,9,54,10],[55,1,55,2],[55,6,55,7],[55,9,55,10],[56,1,56,2],[56,6,56,7],[56,9,56,10],[57,1,57,2],[57,6,57,7],[57,9,57,10],[58,1,58,2],[58,6,58,7],[58,9,58,10],[59,1,59,2],[59,6,59,7],[59,9,59,10],[60,1,60,2],[60,6,60,7],[60,9,60,10],[61,1,61,2],[61,6,61,7],[61,9,61,10],[62,1,62,2],[62,6,62,7],[62,9,62,10],[63,1,63,2],[63,6,63,7],[63,9,63,10],[64,1,64,2],[64,6,64,7],[64,9,64,10],[65,1,65,2],[65,6,65,7],[65,9,65,10],[66,1,66,2],[66,6,66,7],[66,9,66,10],[67,1,67,2],[67,6,67,7],[67,9,67,10],[68,1,68,2],[68,6,68,7],[68,9,68,10],[69,1,69,2],[69,6,69,7],[69,9,69,10],[70,1,70,2],[70,6,70,7],[70,9,70,10],[71,1,71,2],[71,6,71,7],[71,9,71,10],[72,0,72,8],[72,9,72,10],[73,0,73,17]]}
["2023年“C”项目水电安装工程量清单与报价表"]
["工程名称：","","2023年“C”项目水电安装工程","","","","",null,"","","",{"$nulls":6},""]
["序号","项目编码","","项目名称","项目特征描述","计量\r\n单位","工程量","","限价（元）","","","投标报价"]
["","","","","","","","","综合单价","合价","","税前综合单价组成（元）",null,null,"税前综合单价\nd=a+b+c","税金（9%）\ne=d*9%","含税全费用综合单价\nf=d+e","含税合价"]
["","","","","","","","","","","","人工单价\n(a)","材料单价\n(b)","综合费（管理费、利润等）\nc=(a+b)*费率"]
[" "," ","","给水工程"," "," "," ",""," "," ","",{"$nulls":6}," "]
[1,"031001006001","","PE管 DN20\r\n","1.安装部位:室外，工作内容包含土石方开挖、回填及余方弃置，土石方综合考虑，不再额外计算土石方\n2.输送介质:冷水\n3.材质、型号规格、压力等级：PE管 DN20\n4.连接方式：热熔连接\n5.水冲洗、水压试验、消毒符合设计及规范要求\n6.管道、管件安装符合设计及规范要求 \n7.满足设计、规范及招标要求","m",820,"",12.82,{"$f":"G7*I7","v":10512.4},{"$nulls":3},{"$f":"(L7+M7)*0%","v":0},{"$f":"L7+M7+N7","v":0},{"$f":"O7*0.09","v":0},{"$f":"O7+P7","v":0},{"$f":"G7*Q7","v":0}]
[2,"031001006001","","PE管 DN25","1.安装部位:室外，工作内容包含土石方开挖、回填及余方弃置，土石方综合考虑，不再额外计算土石方\n2.输送介质:冷水\n3.材质、型号规格、压力等级：PE管 DN25（De32）\n4.连接方式：热熔连接\n5.水冲洗、水压试验、消毒符合设计及规范要求\n6.管道、管件安装符合设计及规范要求 \n7.满足设计、规范及招标要求","m",337,"",13.27,4471.99,{"$nulls":3},0,0,0,0,0]
[3,"031001006001","","PE管 DN32","1.安装部位:室外，工作内容包含土石方开挖、回填及余方弃置，土石方综合考虑，不再额外计算土石方\n2.输送介质:冷水\n3.材质、型号规格、压力等级：PE管 DN32（De40）\n4.连接方式：热熔连接\n5.水冲洗、水压试验、消毒符合设计及规范要求\n6.管道、管件安装符合设计及规范要求 \n7.满足设计、规范及招标要求","m",266,"",15.95,4242.7,{"$nulls":3},0,0,0,0,0]
[4,"031001006002","","PE管 DN40","1.安装部位:室外，工作内容包含土石方开挖、回填及余方弃置，土石方综合考虑，不再额外计算土石方\n2.输送介质:冷水\n3.材质、型号规格、压力等级：PE管 DN40（De50）\n4.连接方式：热熔连接\n5.水冲洗、水压试验、消毒符合设计及规范要求\n6.管道、管件安装符合设计及规范要求 \n7.满足设计、规范及招标要求","m",527,"",17.45,9196.15,{"$nulls":3},0,0,0,0,0]
[5,"031001006003","","PE管 DN50","1.安装部位:室外，工作内容包含土石方开挖、回填及余方弃置，土石方综合考虑，不再额外计算土石方\n2.输送介质:冷水\n3.材质、型号规格、压力等级：PE管 DN50（De63）\n4.连接方式：热熔连接\n5.水冲洗、水压试验、消毒符合设计及规范要求\n6.管道、管件安装符合设计及规范要求 \n7.满足设计、规范及招标要求","m",1050,"",23.8,24990,{"$nulls":3},0,0,0,0,0]
[6,"031001006004","","PE管 DN65","1.安装部位:室外，工作内容包含土石方开挖、回填及余方弃置，土石方综合考虑，不再额外计算土石方\n2.输送介质:冷水\n3.材质、型号规格、压力等级：PE管 DN65（De75）\n4.连接方式：热熔连接\n5.水冲洗、水压试验、消毒符合设计及规范要求\n6.管道、管件安装符合设计及规范要求 \n7.满足设计、规范及招标要求","m",370,"",27.58,10204.6,{"$nulls":3},0,0,0,0,0]
[7,"031001006005","","PE管 DN80","1.安装部位:室外，工作内容包含土石方开挖、回填及余方弃置，土石方综合考虑，不再额外计算土石方\n2.输送介质:冷水\n3.材质、型号规格、压力等级：PE管 DN80（De90）\n4.连接方式：热熔连接\n5.水冲洗、水压试验、消毒符合设计及规范要求\n6.管道、管件安装符合设计及规范要求 \n7.满足设计、规范及招标要求","m",482,"",39,18798,{"$nulls":3},0,0,0,0,0]
[8,"031001006006","","PE管 DN100","1.安装部位:室外，工作内容包含土石方开挖、回填及余方弃置，土石方综合考虑，不再额外计算土石方\n2.输送介质:冷水\n3.材质、型号规格、压力等级：PE管 DN100（De110）\n4.连接方式：热熔连接\n5.水冲洗、水压试验、消毒符合设计及规范要求\n6.管道、管件安装符合设计及规范要求 \n7.满足设计、规范及招标要求","m",3400,"",54,183600,{"$nulls":3},0,0,0,0,0]
[9,"031001006006",null,"PVC管 DN50","1.安装部位:室外，工作内容包含土石方开挖、回填及余方弃置，土石方综合考虑，不再额外计算土石方\n2.输送介质:冷水\n3.材质、型号规格、压力等级：PVC管 DN50（主材甲供）\n4.连接方式：热熔连接\n5.水冲洗、水压试验、消毒符合设计及规范要求\n6.管道、管件安装符合设计及规范要求 \n7.满足设计、规范及招标要求","m",55,null,12,660,{"$nulls":3},0,0,0,0,0]
[10,"031001006006",null,"PPR管 DN100","1.安装部位:室外，工作内容包含土石方开挖、回填及余方弃置，土石方综合考虑，不再额外计算土石方\n2.输送介质:冷水\n3.材质、型号规格、压力等级：PPR管 DN100（De110）（主材甲供）\n4.连接方式：热熔连接\n5.水冲洗、水压试验、消毒符合设计及规范要求\n6.管道、管件安装符合设计及规范要求 \n7.满足设计、规范及招标要求","m",55,null,14,770,{"$nulls":3},0,0,0,0,0]
[11,"031001006007","","成品玻璃钢化粪池 12m³ ","1、名称：12m³成品玻璃钢化粪池\n2、其余未尽事宜详设计 3、土石方及垫层综合考虑进入报价中，不再额外计算","个","2","",4000,8000,{"$nulls":3},0,0,0,0,0]
[12,"030901011008","","室外消火栓","1.安装方式 ：地上式消火栓\r\n2.型号、规格：详设计 \r\n3.附件材质、规格：详设计 \r\n","套","6","",469,2814,{"$nulls":3},0,0,0,0,0]
[13,"031003013009","","水表 DN50","1.安装部位（室内外） \r\n2.型号、规格 ：详设计\r\n3.连接形式 ：详设计\r\n4.附件配置","组","2","",220,440,{"$nulls":3},0,0,0,0,0]
[14,"031003012011","","倒流防止器","1.名称： 倒流防止器\n2.型号、规格 ：DN100\n3.连接形式:详12S108-1-37图集","套","3","","260.84",782.52,{"$nulls":3},0,0,0,0,0]
[15,"031003001012","","截止阀 DN20","1.名称：截止阀DN20\n2.材质：黄铜\n3.型号、规格：DN20\n4.连接方式：详设计\n5.含安装配套附件\n6.未尽事宜满足设计及现行技术、质量验收规范要求","个","30","","36.65",1099.5,{"$nulls":3},0,0,0,0,0]
[16,"031003001013","","截止阀 DN25","1.名称：截止阀  DN25\n2.材质：黄铜\n3.型号、规格：DN25\n4.连接方式：详设计\n5.含安装配套附件\n6.未尽事宜满足设计及现行技术、质量验收规范要求","个","12","",41,492,{"$nulls":3},0,0,0,0,0]
[17,"031003001014","","截止阀 DN32","1.名称：截止阀 DN32\n2.材质：黄铜\n3.型号、规格：DN32\n4.连接方式：详设计\n5.含安装配套附件\n6.未尽事宜满足设计及现行技术、质量验收规范要求","个","13","",45,585,{"$nulls":3},0,0,0,0,0]
[18,"031003001015","","截止阀 DN40","1.名称：截止阀 DN40\n2.材质：黄铜\n3.型号、规格：DN40\n4.连接方式：详设计\n5.含安装配套附件\n6.未尽事宜满足设计及现行技术、质量验收规范要求","个","12","",82,984,{"$nulls":3},0,0,0,0,0]
[19,"031003001016","","截止阀 DN50","1.名称：截止阀 DN50\n2.材质：黄铜\n3.型号、规格：DN50\n4.连接方式：详设计\n5.含安装配套附件\n6.未尽事宜满足设计及现行技术、质量验收规范要求","个","15","",112,1680,{"$nulls":3},0,0,0,0,0]
[20,"031003001017","","截止阀 DN65","1.名称：截止阀 DN65\n2.材质：铸铁铜芯\n3.型号、规格：DN65\n4.连接方式：详设计\n5.含安装配套附件\n6.未尽事宜满足设计及现行技术、质量验收规范要求","个","10","",175,1750,{"$nulls":3},0,0,0,0,0]
[21,"031003001018","","截止阀 DN80","1.名称：截止阀 DN80\n2.材质：铸铁铜芯\n3.型号、规格：DN80\n4.连接方式：详设计\n5.含安装配套附件\n6.未尽事宜满足设计及现行技术、质量验收规范要求","个","10","",258,2580,{"$nulls":3},0,0,0,0,0]
[22,"031003001019","","截止阀 DN100","1.名称：截止阀 DN100\n2.材质：铸铁铜芯\n3.型号、规格：DN100\n4.连接方式：详设计\n5.含安装配套附件\n6.未尽事宜满足设计及现行技术、质量验收规范要求","个","10","","546.90",5469,{"$nulls":3},0,0,0,0,0]
[23,"040205001008","","阀门井","1.规格、尺寸：设计施工名图\r\n2.具体做法详设计：\r\n5.防渗、防水要求：满足相关规范\r\n6.其它：满足设计及施工验收规范要求","座","80","",380,30400,{"$nulls":3},0,0,0,0,0]
[24," ","","分部小计"," "," "," ",""," ",{"$nulls":8}," "]
[25," ","","排水工程"," "," "," ",""," ",{"$nulls":8}," "]
[26,"010101007021",null,"管沟土方","1.项目名称：挖沟槽、基坑土石方\r\n2.土、石类别：综合\r\n3.开挖深度：综合\r\n4.开挖方式：投标人自行考虑\r\n5.地上、地下管线及建筑物、构筑物的保护：投标人自行考虑\r\n6.其余做法：满足设计及施工验收规范要求，并满足城管和环保要求","m3",{"$f":"1410*0.8*0.7","v":789.6},null,10.8,{"$f":"G32*I32","v":8527.68},{"$nulls":3},{"$f":"(L32+M32)*0%","v":0},{"$f":"L32+M32+N32","v":0},{"$f":"O32*0.09","v":0},{"$f":"O32+P32","v":0},{"$f":"G32*Q32","v":0}]
[27,"040103001022",null,"回填方","1.项目名称：沟槽回填土石方\r\n2.回填料及密实度：满足设计及施工验收规范\r\n3.回填料来源、场内外运距：投标人自行考虑\r\n4.其余做法：满足设计及施工验收规范要求，并满足城管和环保要求","m3",{"$f":"G32-G34","v":663.9},null,5.7,3784.23,{"$nulls":3},0,0,0,0,0]
[28,"040103002003",null,"余方弃置","1.名称：余方弃置\r\n2.废弃料品种：土石方综合\r\n3.废弃料的运输方式、场内外运距、弃土场地及费用：投标人自行考虑，外弃场地必须满足当地相关行政主管部门的要求\r\n4.其余做法：满足城管和环保要求","m3",125.7,null,6.3,791.91,{"$nulls":3},0,0,0,0,0]
[29,"031001006020",null,"HDPE中空增强双壁缠绕管 DN80","1.安装部位：室外\n2.介质：污水\n3.材质、规格：HDPE中空增强双壁缠绕管 DN80 环刚度≥SN8\n4.连接形式：承插连接\n5.压力试验及吹、洗设计要求：按《建筑给水排水及采暖工程施工质量验收规范》(GB50242-2002)的要求做通球试验、灌水试验\n6.管道、管件及支吊架安装满足设计及现行技术、质量验收规范要求\n7.警示带形式：详设计\n8.满足设计、规范及招标要求","m",330,null,26.5,8745,{"$nulls":3},0,0,0,0,0]
[30,"031001006020","","HDPE中空增强双壁缠绕管 DN100","1.安装部位：室外\n2.介质：污水\n3.材质、规格：HDPE中空增强双壁缠绕管 DN100 环刚度≥SN8\n4.连接形式：承插连接\n5.压力试验及吹、洗设计要求：按《建筑给水排水及采暖工程施工质量验收规范》(GB50242-2002)的要求做通球试验、灌水试验\n6.管道、管件及支吊架安装满足设计及现行技术、质量验收规范要求\n7.警示带形式：详设计\n8.满足设计、规范及招标要求","m",920,"",30.78,28317.6,{"$nulls":3},0,0,0,0,0]
[31,"031001006020","","HDPE中空增强双壁缠绕管 DN300","1.安装部位：室外\n2.介质：污水\n3.材质、规格：HDPE中空增强双壁缠绕管 DN300 环刚度≥SN8\n4.连接形式：承插连接\n5.压力试验及吹、洗设计要求：按《建筑给水排水及采暖工程施工质量验收规范》(GB50242-2002)的要求做通球试验、灌水试验\n6.管道、管件及支吊架安装满足设计及现行技术、质量验收规范要求\n7.警示带形式：详设计\n8.满足设计、规范及招标要求","m",32,"",56.04,1793.28,{"$nulls":3},0,0,0,0,0]
[32,"031001006020",null,"HDPE中空增强双壁缠绕管 DN200（甲供材）","1.安装部位：室外\n2.介质：污水\n3.材质、规格：HDPE中空增强双壁缠绕管 DN200 环刚度≥SN8（甲供材）\n4.连接形式：承插连接\n5.压力试验及吹、洗设计要求：按《建筑给水排水及采暖工程施工质量验收规范》(GB50242-2002)的要求做通球试验、灌水试验\n6.管道、管件及支吊架安装满足设计及现行技术、质量验收规范要求\n7.警示带形式：详设计\n8.满足设计、规范及招标要求","m",24,null,20.2,484.8,{"$nulls":3},0,0,0,0,0]
[33,"031001006020","","HDPE中空增强双壁缠绕管 DN200","1.安装部位：室外\n2.介质：污水\n3.材质、规格：HDPE中空增强双壁缠绕管 DN200 环刚度≥SN8\n4.连接形式：承插连接\n5.压力试验及吹、洗设计要求：按《建筑给水排水及采暖工程施工质量验收规范》(GB50242-2002)的要求做通球试验、灌水试验\n6.管道、管件及支吊架安装满足设计及现行技术、质量验收规范要求\n7.警示带形式：详设计\n8.满足设计、规范及招标要求","m",24,"",35,840,{"$nulls":3},0,0,0,0,0]
[34,"031001006020","","HDPE中空增强双壁缠绕管 DN500","1.安装部位：室外\n2.介质：污水\n3.材质、规格：HDPE中空增强双壁缠绕管 DN500 环刚度≥SN8\n4.连接形式：承插连接\n5.压力试验及吹、洗设计要求：按《建筑给水排水及采暖工程施工质量验收规范》(GB50242-2002)的要求做通球试验、灌水试验\n6.管道、管件及支吊架安装满足设计及现行技术、质量验收规范要求\n7.警示带形式：详设计\n8.满足设计、规范及招标要求","m",116,"",122,14152,{"$nulls":3},0,0,0,0,0]
[35," ","","分部小计"," "," "," ",""," "]
[36," ","","道路排水"," "," "," ",""," "]
[37,"010101007021","","管沟土方","1.项目名称：挖沟槽、基坑土石方\r\n2.土、石类别：综合\r\n3.开挖深度：综合\r\n4.开挖方式：投标人自行考虑\r\n5.地上、地下管线及建筑物、构筑物的保护：投标人自行考虑\r\n6.其余做法：满足设计及施工验收规范要求，并满足城管和环保要求","m3",5968,"",10.8,{"$f":"G43*I43","v":64454.4},{"$nulls":3},0,0,0,0,0]
[38,"040103001022","","回填方","1.项目名称：沟槽回填土石方\r\n2.回填料及密实度：满足设计及施工验收规范\r\n3.回填料来源、场内外运距：投标人自行考虑\r\n4.其余做法：满足设计及施工验收规范要求，并满足城管和环保要求","m3",1039,"",5.7,5922.3,{"$nulls":3},0,0,0,0,0]
[39,"040103002003","","余方弃置","1.名称：余方弃置\r\n2.废弃料品种：土石方综合\r\n3.废弃料的运输方式、场内外运距、弃土场地及费用：投标人自行考虑，外弃场地必须满足当地相关行政主管部门的要求\r\n4.其余做法：满足城管和环保要求","m3",1142,"",6.3,7194.6,{"$nulls":3},0,0,0,0,0]
[40,"040501001023","","混凝土管DN1000","1.安装部位：室外\n2.介质：污水\n3.材质、规格：混凝土管DN1000（含垫层）\n4.连接形式：承插连接\n5.压力试验及吹、洗设计要求：按《建筑给水排水及采暖工程施工质量验收规范》(GB50242-2002)的要求做通球试验、灌水试验\n6.管道、管件及支吊架安装满足设计及现行技术、质量验收规范要求\n7.警示带形式：详设计\n8.满足设计、规范及招标要求","m",115,"",650,74750,{"$nulls":3},0,0,0,0,0]
[41,"040501004024","","纤维增强聚丙烯(FRPP)加筋管 DN400","1.安装部位：室外\r\n2.介质：污水\r\n3.材质、规格：纤维增强聚丙烯(FRPP)加筋管 DN400\r\n4.连接形式：胶圈链接\r\n5.压力试验及吹、洗设计要求：按《建筑给水排水及采暖工程施工质量验收规范》(GB50242-2002)的要求做通球试验、灌水试验\r\n6.管道、管件及支吊架安装满足设计及现行技术、质量验收规范要求\r\n7.警示带形式：详设计\r\n8.满足设计、规范及招标要求","m",27.5,"",68,1870,{"$nulls":3},0,0,0,0,0]
[42,"040501004024","","纤维增强聚丙烯(FRPP)加筋管 DN500","1.安装部位：室外\r\n2.介质：污水\r\n3.材质、规格：纤维增强聚丙烯(FRPP)加筋管 DN500\r\n4.连接形式：胶圈链接\r\n5.压力试验及吹、洗设计要求：按《建筑给水排水及采暖工程施工质量验收规范》(GB50242-2002)的要求做通球试验、灌水试验\r\n6.管道、管件及支吊架安装满足设计及现行技术、质量验收规范要求\r\n7.警示带形式：详设计\r\n8.满足设计、规范及招标要求","m",41,"",102,4182,{"$nulls":3},0,0,0,0,0]
[43,"040501003025","","球墨铸铁管 DN300","1.安装部位：室外\n2.介质：污水\n3.材质、规格：球墨铸铁管 DN300\n4.连接形式：承插连接\n5.压力试验及吹、洗设计要求：按《建筑给水排水及采暖工程施工质量验收规范》(GB50242-2002)的要求做通球试验、灌水试验\n6.管道、管件及支吊架安装满足设计及现行技术、质量验收规范要求\n7.警示带形式：详设计\n8.满足设计、规范及招标要求","m","5","",111,555,{"$nulls":3},0,0,0,0,0]
[44,"040305002031","","防冲刷卵石","1.密实度：满足设计及规范要求\r\n2.石料、规格：20~30mm卵石\r\n3.运距：综合考虑\r\n4.拌和、运输及拌合场摊销费用：综合报价\r\n5.未尽事宜符合设计和规范要求","m3",55,"",180,9900,{"$nulls":3},0,0,0,0,0]
[45,"040501017025","","平箅式雨水口(双箅)","1.名称：雨水口\r\n2.未尽事宜符合设计和规范要求","座","7","","620.00",4340,{"$nulls":3},0,0,0,0,0]
[46,"040305001011","","砂垫层及包封","1.材料品种、规格：砂垫层\r\n2.厚度：\r\n3.其他：满足设计、绿色环保验收规范、城管及现行技术、质量验收规范要求","m3",132,"",174,22968,{"$nulls":3},0,0,0,0,0]
[47," ","","分部小计"," "," "," ",""," "]
[48," ","","景观照明"," "," "," ",""," "]
[49,"030404017026","","配电箱","1.名称：配电箱 ，工作内容包含土石方开挖、回填及余方弃置，土石方综合考虑，不再额外计算土石方\n2.规格、型号：详设计\n3.安装方式：详设计\n4.本项目包括安装、箱柜开孔、防火封堵、盘柜二次配线、本体接地等\n5.含柜体及柜内所有元器件等\n6.为完成本项目安装的所有工作内容,其余满足设计、施工及供电验收等规范要求等费用综合考虑进入本项目综合单价中","台","1","","2191.13",{"$f":"G55*I55","v":2191.13},{"$nulls":3},0,0,0,0,0]
[50,"030401002033","","隔离变压器 AC220V DC24V\r\n","1.名称 隔离变压器 \r\n2.型号 AC220V DC24V\r\n3.容量（kVA） ：详设计\r\n4.电压（kV） ：详设计\r\n\r\n","台","16","","120.00",1920,{"$nulls":3},0,0,0,0,0]
[51,"030412009027","","6m庭院灯 1*75w LED-220v ","1.名称：6m庭院灯 1*75w LED-220v 防护等级IP65（甲供）\n2.功率：1*75w LED-220v \n3.高度：6米\n4.安装包含灯具、灯杆、预埋件、基础、测试等\n5.其它：未尽事宜均满足设计施工图和现行技术、质量验收规范和工程所在地行业主管部门相关标准","套",102,"",146,14892,{"$nulls":3},0,0,0,0,0]
[52,"030412009027","","4m庭院灯 1*60w LED-220v ","1.名称：4m庭院灯 1*60w LED-220v 防护等级IP65（甲供）\n2.功率：1*60w LED-220v \n3.高度：4米\n4.安装包含灯具、灯杆、预埋件、基础、测试等\n5.其它：未尽事宜均满足设计施工图和现行技术、质量验收规范和工程所在地行业主管部门相关标准","套",158,"",146,23068,{"$nulls":3},0,0,0,0,0]
[53,"030412004028","","泛光灯 1*30w ","1.名称: 泛光灯 1*30w 地面安装，防护等级IP65（甲供）\n2.功率:30w\n3.安装：包含灯具、灯杆、预埋件、基础、测试等\n4.其它：未尽事宜均满足设计施工图和现行技术、质量验收规范和工程所在地行业主管部门相关标准","套","6","",74,444,{"$nulls":3},0,0,0,0,0]
[54,"030412004029","","防水防尘吸顶灯 1*18w ","1.名称: 防水防尘吸顶灯 1*18w地面安装，防护等级IP65（甲供）\n2.功率:18w\n3.安装：包含灯具、灯杆、预埋件、基础、测试等\n4.其它：未尽事宜均满足设计施工图和现行技术、质量验收规范和工程所在地行业主管部门相关标准","套","7","",27,189,{"$nulls":3},0,0,0,0,0]
[55,"030412001030","","地埋灯 1*9w ","1.名称: 地埋灯 地面安装，防护等级IP65（甲供）\n2.功率:9w\n3.安装：包含灯具、灯杆、预埋件、基础、测试等\n4.其它：未尽事宜均满足设计施工图和现行技术、质量验收规范和工程所在地行业主管部门相关标准","套","103","",29,2987,{"$nulls":3},0,0,0,0,0]
[56,"030412004031","","地脚灯 1*3w ","1.名称: 地脚灯 地面安装，防护等级IP65（甲供）\n2.功率:3w\n3.安装：包含灯具、灯杆、预埋件、基础、测试等\n4.其它：未尽事宜均满足设计施工图和现行技术、质量验收规范和工程所在地行业主管部门相关标准","套","240","","27.01",6482.4,{"$nulls":3},0,0,0,0,0]
[57,"030412004032","","LED灯带 12w/m ","1.名称：LED光带（甲供）\n2.型号、规格：12w/m~DC24V\n3.安装：包含灯具、灯杆、预埋件、基础、固定件、测试等\n4.其它：未尽事宜均满足设计施工图和现行技术、质量验收规范和工程所在地行业主管部门相关标准","套","67","",12,804,{"$nulls":3},0,0,0,0,0]
[58,"040205001008","","路灯手孔井","1.规格、尺寸：设计施工名图\r\n2.具体做法详设计：\r\n5.防渗、防水要求：满足相关规范\r\n6.其它：满足设计及施工验收规范要求","座",260,"","402.02",104525.2,{"$nulls":3},0,0,0,0,0]
[59,"010501001013","","150mm厚C15混凝土垫层","1.混凝土种类： 商品混凝土C15\r\n2.混凝土强度等级:C15\r\n","m3",141,"",465,65565,{"$nulls":3},0,0,0,0,0]
[60,"010501001013","","C20混凝土包封","1.混凝土种类： 商品混凝土C20\r\n2.混凝土强度等级:C20","m3",23,"",475,10925,{"$nulls":3},0,0,0,0,0]
[61,"031001006035","","CPVC 150电缆排管","1.安装部位 ：室外，工作内容包含土石方开挖、回填及余方弃置，土石方综合考虑，不再额外计算土石方\n2.介质 \n3.材质、规格 CPVC 150电缆排管\n4.连接形式 ：综合考虑\n5.阻火圈设计要求 \n6.压力试验及吹、洗设计要求 \n7.警示带形式","m",1183,"",27,31941,{"$nulls":3},0,0,0,0,0]
[62,"030408001037","","电力电缆 zr-YJV 3*10","1.型号：铜芯电缆 zr-YJV 3*10\r\n2.规格 zr-YJV 3*10\r\n3.敷设方式：电缆敷设\r\n4.电缆头：户内热缩式电缆头 三芯 1KV以下终端头","m",3563,"",33,117579,{"$nulls":3},0,0,0,0,0]
[63,"030408001037","","电力电缆 zr-YJV 3*16","1.型号：铜芯电缆 zr-YJV 3*16\r\n2.规格 zr-YJV 3*16\r\n3.敷设方式：电缆敷设\r\n4.电缆头：户内热缩式电缆头 三芯 1KV以下终端头","m",2557,"",38,97166,{"$nulls":3},0,0,0,0,0]
[64,"030411001026","","电气配管 PvC20","1.名称:电气配管，工作内容包含土石方开挖、回填及余方弃置，土石方综合考虑，不再额外计算土石方\n2.规格:PC20\n3.材质:刚性阻燃管\n4.敷设方式:综合\n5.含支架制作安装，保护管敷设及接地跨接满足设计及规范要求\n6.其他：满足设计、规范及招标要求","m",3563,"",13.46,47957.98,{"$nulls":3},0,0,0,0,0]
[65,"030411001026","","电气配管 PvC32","1.名称:电气配管，工作内容包含土石方开挖、回填及余方弃置，土石方综合考虑，不再额外计算土石方\n2.规格:PC32\n3.材质:刚性阻燃管\n4.敷设方式:综合\n5.含支架制作安装，保护管敷设及接地跨接满足设计及规范要求\n6.其他：满足设计、规范及招标要求","m",2557,"",13.69,35005.33,{"$nulls":3},0,0,0,0,0]
[66," ","","分部小计"," "," "," ",""," "]
["合　　计","","","","","","","","",{"$f":"SUM(J7:K72)","v":1151736.7},"",{"$nulls":6},{"$f":"SUM(R7:S72)","v":0}]
["报价说明：1、施工单位须按提供的报价格式要求及公式填报价格明细，未按提供格式填报价格明细、所报总价高于最高限价的均为无效报价，采购人不予接受。同时在工程量清单中公布最高全费用单价限价，施工班组的全费用综合单价也不得超过综合单价限价，否则，采购人将不予以接受。2、“人工单价（a）”是指完成本清单项每单位工程量所需的所有人工费用，“材料单价（b）”是指完成本清单项每单位工程量所需的材料费用，注明主材为甲供的清单项“材料单价（b）”一栏可填写为0，或仅报辅材材料价；"]